Assessment of efficacy of glass ionomer sealant (Fuji-VII) v/s Fluoride (MI Varnish) application in primary molars for caries prevention in a split mouth study (Record no. 32074)
[ view plain ]
| 000 -LEADER | |
|---|---|
| fixed length control field | 00443nam a22001337a 4500 |
| 003 - CONTROL NUMBER IDENTIFIER | |
| control field | SGT |
| 082 ## - DEWEY DECIMAL CLASSIFICATION NUMBER | |
| Classification number | 617.645 |
| Item number | A25S |
| 100 ## - MAIN ENTRY--PERSONAL NAME | |
| Personal name | Sharma, Mansi |
| 245 ## - TITLE STATEMENT | |
| Title | Assessment of efficacy of glass ionomer sealant (Fuji-VII) v/s Fluoride (MI Varnish) application in primary molars for caries prevention in a split mouth study |
| 260 ## - PUBLICATION, DISTRIBUTION, ETC. (IMPRINT) | |
| Place of publication, distribution, etc | Gurugram, Haryana |
| Name of publisher, distributor, etc | SGT University |
| Year of Publication | 2025 |
| 300 ## - PAGE DESCRIPTION | |
| No. of Pages | 82 |
| 650 ## - SUBJECT ADDED ENTRY--TOPICAL TERM | |
| Topical term or geographic name as entry element | Pediatric Dentistry |
| 942 ## - ADDED ENTRY ELEMENTS (KOHA) | |
| Source of classification or shelving scheme | Dewey Decimal Classification |
| Koha item type | Thesis/Dissertation |
| Withdrawn status | Lost status | Source of classification or shelving scheme | Damaged status | Use restrictions | Not for loan | Home library | Current library | Date acquired | SGTU | Total Checkouts | Full call number | Accession No. (Barcode) | Date last seen | Bill Date | Koha item type |
|---|---|---|---|---|---|---|---|---|---|---|---|---|---|---|---|
| Dewey Decimal Classification | Restricted Access | Not For Loan | SGT Dental Library | SGT Dental Library | 08/07/2025 | SGTU | 617.645 A25S | DT2263 | 08/07/2025 | 08/07/2025 | Thesis/Dissertation |